| 000 | 01100nam a2200289 i 4500 | ||
|---|---|---|---|
| 001 | bg | ||
| 100 | 1 | _aHINTON, Ernest | |
| 245 | 1 | 0 |
_aAnalysis and optimization of prismatic and axisymmetric shell structures : _btheory, practice and software / _cErnest Hinton, Johann Sienz, Mustafa Özakça. |
| 260 |
_aLondon [etc.] : _bSpringer, _c2003. |
||
| 300 |
_aXXXII, 496 s. : _bwykr., rys. ; _c25 cm + _eCD ROM. |
||
| 504 | _aBibliogr. przy rozdz. - Indeks. | ||
| 650 | 9 |
_aPowłoki (bud.) _xkonstrukcje _xmechanika |
|
| 650 | 9 |
_aPowłoki (bud.) _xkonstrukcje _xteoria |
|
| 650 | 9 | _aNaprężenia i odkształcenia | |
| 650 | 9 | _aDrgania | |
| 650 | 9 |
_aOptymalizacja _xstosowanie _xmechanika |
|
| 700 | 1 | _aSIENZ, Johann | |
| 700 | 1 | _aÖZAKÇA, Mustafa | |
| 020 | _a1852334215 | ||
| 040 | _cBPK | ||
| 041 | 0 | _aeng | |
| 080 | _a624.074.4./.5:539.3/.5:534:519.863:004.42 | ||
| 920 | _a1-85233-421-5 | ||
| 942 | _cKS | ||
| 008 | s pl f |000 0 pol | ||
| 999 |
_c51104 _d51104 |
||
| 856 |
_uhttp://koha.tu.koszalin.pl/cgi-bin/koha/opac-detail.pl?biblionumber=51104 _yKatalog online BPK |
||